000 00604nam a2200181Ia 4500
008 090123s9999 xx 000 0 und d
082 _b26255
_a923.254/औरंगा
100 _aऔरंगाबादकर अनुराधा
245 _aदेव आनंद
250 _a1
260 _bइंद्रायणी साहित्य
300 _a272
600 _aऔरंगाबादकर अनुराधा
630 _aदेव आनंद
700 _aऔरंगाबादकर अनुराधा
730 _aदेव आनंद
942 _cBOOK
999 _c64325
_d64325